Large & Expensive Universities Quiz Stats

 Plays Quiz Updated Sep 14, 2012

Challenge
Share
Tweet
Embed
Score 0/14 Timer 04:00
0 Plays Today
Tuition University % Correct
$40,866Harvard
94.2%
$41,787Stanford
65.4%
$43,738Penn
54.5%
$47,246Columbia
51.3%
$41,606NYU
49.5%
$44,463USC
48.7%
$43,413Cornell
46.2%
Tuition University % Correct
$43,623Duke University
43.9%
$43,779Northwestern
35.1%
$42,994Boston University
32.4%
$42,870Georgetown University
32.1%
$43,747George Washington
20%
$43,930Johns Hopkins
17%
$41,732Fordham University
6.2%

You're not logged in!

Compare scores with friends on all Sporcle quizzes.
Join for Free
OR
Log In

You Might Also Like...

Show Comments

Extras

Top Quizzes Today


Score Distribution

Your Account Isn't Verified!

In order to create a playlist on Sporcle, you need to verify the email address you used during registration. Go to your Sporcle Settings to finish the process.

Report this User

Report this user for behavior that violates our Community Guidelines.

Details: